Statystyki dla Pierwiastki na literę A.

Kliknij tutaj aby rozwiązać quiz!

Ogólne statystyki

  • Ten quiz został rozwiązany 208 razy
  • Średni wynik to 4 z 7

Statystyki odpowiedzi

Odpowiedź% Poprawnych
1.Azot
79%
2.Argon
75%
3.Arsen
69%
5.Astat
55%
7.Ameryk
52%
4.Antymon
46%
6.Aktyn
44%

Rozkład punktacji

Percentyl według liczby udzielonych odpowiedzi

Procent ludzi z każdym wynikiem

Twoja historia wyników

Nie rozwiązałeś tego quizu